Ordinary and partial diffential equations : (Record no. 42532)
[ view plain ]
| 000 -LEADER | |
|---|---|
| fixed length control field | 02850nam a22003857a 4500 |
| 005 - DATE AND TIME OF LATEST TRANSACTION | |
| control field | 20100819113936.0 |
| 010 ## - LCCN (DPL NO) | |
| LC control number | ENG-100933 B-423693-702 |
| 020 ## - INTERNATIONAL STANDARD BOOK NUMBER | |
| International Standard Book Number | 9788120341029 |
| Terms of availability | 395.00 |
| 035 ## - SYSTEM CONTROL NUMBER | |
| System control number | EN-84466 |
| 035 ## - SYSTEM CONTROL NUMBER | |
| System control number | B-423693-702 |
| 037 ## - SOURCE OF ACQUISITION | |
| Source of stock number/acquisition | DBAD/PUB |
| 037 ## - SOURCE OF ACQUISITION | |
| Source of stock number/acquisition | Allied Publishers |
| 082 ## - DEWEY DECIMAL CLASSIFICATION NUMBER | |
| Classification number | 515.35 |
| 100 ## - MAIN ENTRY--PERSONAL NAME | |
| Personal name | Shah, Nita H. |
| 245 ## - TITLE STATEMENT | |
| Title | Ordinary and partial diffential equations : |
| Statement of responsibility, etc | by Nita H. Shah |
| Remainder of title | theory and applications / |
| 260 ## - PUBLICATION, DISTRIBUTION, ETC. (IMPRINT) | |
| Place of publication, distribution, etc | New Delhi |
| Name of publisher, distributor, etc | PHI Learning |
| Date of publication, distribution, etc | 2010 |
| 270 ## - ADDRESS | |
| Address | M-97, Connaught Circus |
| City | New Delhi |
| Postal code | 110001 |
| 300 ## - PHYSICAL DESCRIPTION | |
| Extent | xiv, 413 p. |
| Other physical details | 24cm (Pbk) |
| 500 ## - GENERAL NOTE | |
| General note | Includes index |
| 700 ## - ADDED ENTRY--PERSONAL NAME | |
| 9 (RLIN) | 15115 |
| 700 ## - ADDED ENTRY--PERSONAL NAME | |
| 9 (RLIN) | 15135 |
| 942 ## - ADDED ENTRY ELEMENTS (KOHA) | |
| Source of classification or shelving scheme | Dewey Decimal Classification |
| Item type | English Books |
| Classification part | 515.35 |
| Call number suffix | SHA |
| Withdrawn status | Lost status | Not for loan | Collection code | Home library | Current library | Date acquired | Cost, normal purchase price | Full call number | Barcode | Copy number | Cost, replacement price | Koha item type | Source of acquisition |
|---|---|---|---|---|---|---|---|---|---|---|---|---|---|
| Non-fiction | Central Library | Central Library | 02/08/2011 | 395.00 | 515.35 SHA | B-423693 | 1 | 395.00 | English Books | Allied Publishers/CR/0002704/17.3.11/75/4.3.11/17.3.11 | |||
| Not For Loan | Non-fiction | D.B.Act.Division | D.B.Act.Division | 19/08/2010 | 395.00 | 515.35 SHA | EN-84466 | 1 | 395.00 | English Books | |||
| Non-fiction | Mobile Library | Mobile Library | 02/08/2011 | 395.00 | 515.35 SHA | B-423694 | 5 | 395.00 | English Books | Allied Publishers/CR/0002704/17.3.11/75/4.3.11/17.3.11 | |||
| Non-fiction | Mobile Library | Mobile Library | 02/08/2011 | 395.00 | 515.35 SHA | B-423695 | 5 | 395.00 | English Books | Allied Publishers/CR/0002704/17.3.11/75/4.3.11/17.3.11 | |||
| Non-fiction | Mobile Library | Mobile Library | 02/08/2011 | 395.00 | 515.35 SHA | B-423696 | 5 | 395.00 | English Books | Allied Publishers/CR/0002704/17.3.11/75/4.3.11/17.3.11 | |||
| Non-fiction | Mobile Library | Mobile Library | 02/08/2011 | 395.00 | 515.35 SHA | B-423697 | 5 | 395.00 | English Books | Allied Publishers/CR/0002704/17.3.11/75/4.3.11/17.3.11 | |||
| Non-fiction | Mobile Library | Mobile Library | 02/08/2011 | 395.00 | 515.35 SHA | B-423698 | 5 | 395.00 | English Books | Allied Publishers/CR/0002704/17.3.11/75/4.3.11/17.3.11 | |||
| Non-fiction | Patel Nagar | Patel Nagar | 02/08/2011 | 395.00 | 515.35 SHA | B-423699 | 1 | 395.00 | English Books | Allied Publishers/CR/0002704/17.3.11/75/4.3.11/17.3.11 | |||
| Non-fiction | Sarojini Nagar | Sarojini Nagar | 02/08/2011 | 395.00 | 515.35 SHA | B-423700 | 1 | 395.00 | English Books | Allied Publishers/CR/0002704/17.3.11/75/4.3.11/17.3.11 | |||
| Non-fiction | Shahdara Branch | Shahdara Branch | 02/08/2011 | 395.00 | 515.35 SHA | B-423701 | 1 | 395.00 | English Books | Allied Publishers/CR/0002704/17.3.11/75/4.3.11/17.3.11 | |||
| Non-fiction | Yojana Vihar | Yojana Vihar | 02/08/2011 | 395.00 | 515.35 SHA | B-423702 | 1 | 395.00 | English Books | Allied Publishers/CR/0002704/17.3.11/75/4.3.11/17.3.11 |
